000 00419nam a2200169Ia 4500
001 21186
003 IN-NITTTR
005 20251114233241.0
008 251113s9999||||xx |||||||||||||| ||eng||
040 _beng
040 _cIN-NITTTR
041 _aeng
082 _a697 L495H
100 _aLechner, Norbert
245 0 _aHeating,cooling,lighting design methods for architects. /
_cLechner, Norbert
942 _2ddc
_cBK
999 _c23816
_d23816